[Event "AUTO-ADV-3480"]
[Site "http://www.queenalice.com/game.php?id=1378935"]
[Date "2015.8.21"]
[Round "1"]
[White "rodracena"]
[Black "reghini"]
[Result "1-0"]
[WhiteElo "1888"]
[BlackElo "1682"]

1. d4 d5 2. Nf3 Nf6 3. Bg5 Nc6 4. e3 e6 5. Nbd2 Be7 6. Bd3 O-O 7. O-O Nb4 8. Re1
Nxd3 9. cxd3 b6 10. e4 Ng4 11. Bxe7 Qxe7 12. exd5 Qd6 13. dxe6 fxe6 14. h3 Nh6
15. Ne4 Qf4 16. Rc1 Bb7 17. Qb3 Bd5 18. Qc2 c6 19. Qd2 Qf5 20. Ne5 Rac8 21. Nd6
1-0

[Event "AUTO-ADV-3523"]
[Site "http://www.queenalice.com/game.php?id=1391505"]
[Date "2015.10.30"]
[Round "1"]
[White "reghini"]
[Black "RDario"]
[Result "0-1"]
[WhiteElo "1703"]
[BlackElo "1928"]

1. e4 d6 2. d4 Nd7 3. Nf3 h6 4. Bd3 g5 5. Nc3 Bg7 6. Bd2 e5 7. d5 Ne7 8. Qe2 Ng6
9. O-O Nf6 10. Bb5+ Bd7 11. a4 c6 12. Bc4 Nf4 13. Bxf4 exf4 14. e5 dxe5 15.
Qxe5+ Kf8 16. Rae1 g4 17. Qd6+ Kg8 18. Ne5 Bf8 19. Qxf6 Qxf6 0-1

[Event "AUTO-ADV-3523"]
[Site "http://www.queenalice.com/game.php?id=1391506"]
[Date "2015.10.30"]
[Round "1"]
[White "RDario"]
[Black "reghini"]
[Result "1-0"]
[WhiteElo "1935"]
[BlackElo "1696"]

1. c4 e5 2. Nc3 Nf6 3. d3 Nc6 4. Nf3 Be7 5. g3 d5 6. cxd5 Nxd5 7. Bg2 O-O 8. O-O
Be6 9. d4 exd4 10. Nxd4 Qd7 11. Nxe6 fxe6 12. Nxd5 exd5 13. Qxd5+ Qxd5 14. Bxd5+
Kh8 15. Bf4 Bd6 16. Bd2 Rae8 17. e4 Nd8 18. f4 c6 19. e5 1-0

[Event "AUTO-ADV-3523"]
[Site "http://www.queenalice.com/game.php?id=1391507"]
[Date "2015.10.30"]
[Round "1"]
[White "reghini"]
[Black "forever"]
[Result "0-1"]
[WhiteElo "1810"]
[BlackElo "2040"]

1. e4 e5 2. Nf3 Nc6 3. Bb5 Nd4 4. Nc3 c6 5. Ba4 Qc7 6. d3 d6 7. Be3 Ne6 8. O-O
Nf6 9. Qe2 Be7 10. d4 O-O 11. Nh4 Nd8 12. Bb3 Nxe4 13. Nxe4 Bxh4 14. Qh5 Qe7 15.
g3 Bf6 16. Nxf6+ Qxf6 17. Bg5 Qf5 18. Qh4 Ne6 19. Be7 Re8 20. Bc4 Nxd4 21. f4 e4
22. Kg2 d5 23. Bb3 Nf3 24. Rxf3 exf3+ 25. Kf2 Bd7 0-1

[Event "AUTO-ADV-3523"]
[Site "http://www.queenalice.com/game.php?id=1391508"]
[Date "2015.10.30"]
[Round "1"]
[White "forever"]
[Black "reghini"]
[Result "1-0"]
[WhiteElo "2033"]
[BlackElo "1817"]

1. d4 d5 2. c4 e5 3. dxe5 d4 4. e3 Bb4+ 5. Bd2 Bxd2+ 6. Qxd2 Nc6 7. Nf3 dxe3 8.
Qxe3 Nge7 9. Nc3 Nb4 10. Rd1 Nc2+ 11. Ke2 Bd7 12. Qe4 O-O 13. Qxc2 Nf5 14. Rd3
Qe7 15. Nd5 Qc5 16. g4 Nh6 17. Ng5 Bxg4+ 18. Ke1 Rae8 19. Re3 f5 20. e6 c6 21.
e7 cxd5 22. exf8=Q+ Rxf8 23. Ne6 1-0

[Event "Challenge"]
[Site "http://www.queenalice.com/game.php?id=1391622"]
[Date "2015.10.31"]
[Round "-"]
[White "altair"]
[Black "reghini"]
[Result "1-0"]
[WhiteElo "1819"]
[BlackElo "1762"]

1. e4 e5 2. Nf3 Nc6 3. a3 Nf6 4. Nc3 d6 5. h3 Be7 6. Be2 O-O 7. d4 exd4 8. Nxd4
Bd7 9. O-O Nxd4 10. Qxd4 c5 11. Qd1 Bc6 12. Bf3 Qd7 13. b4 c4 14. a4 a6 15. Rb1
Bxa4 16. Nxa4 Qxa4 17. Bd2 Qb5 18. c3 d5 19. e5 Nd7 20. Bf4 f5 21. Bxd5+ Kh8 22.
Qd4 1-0

[Event "Challenge"]
[Site "http://www.queenalice.com/game.php?id=1391623"]
[Date "2015.10.31"]
[Round "-"]
[White "reghini"]
[Black "altair"]
[Result "0-1"]
[WhiteElo "1748"]
[BlackElo "1833"]

1. e4 e5 2. Nf3 Nc6 3. Bb5 a6 4. Bxc6 dxc6 5. Nc3 Bd6 6. d4 exd4 7. Nxd4 Nf6 8.
Bg5 O-O 9. O-O h6 10. Bxf6 Qxf6 11. f4 Bxf4 12. Kh1 Qe5 13. Nf3 Qe7 14. Qe2 b5
15. Nd4 Qh4 16. Nf3 Qh5 17. Qf2 Bg4 18. g3 Bg5 19. Nxg5 Qxg5 20. Ne2 Rae8 21.
Qf4 Bxe2 0-1

[Event "AUTO-OPEN-3563"]
[Site "http://www.queenalice.com/game.php?id=1391631"]
[Date "2015.10.31"]
[Round "1"]
[White "Givanildo"]
[Black "reghini"]
[Result "1-0"]
[WhiteElo "1668"]
[BlackElo "1658"]

1. e3 e5 2. d4 e4 3. Qg4 Nf6 4. Qf5 Nc6 5. d5 d6 6. Qg5 Nb4 7. Bb5+ c6 8. dxc6
bxc6 9. Bc4 Nxc2+ 10. Kf1 d5 11. Qe5+ Be7 12. Bb3 Ba6+ 13. Ne2 Nxa1 14. Ba4 Bb5
15. b3 Nc2 16. Bxb5 cxb5 17. Nbc3 O-O 18. Nf4 Bd6 19. Qf5 Bxf4 20. exf4 Rc8 21.
Bb2 1-0

[Event "AUTO-OPEN-3563"]
[Site "http://www.queenalice.com/game.php?id=1391632"]
[Date "2015.10.31"]
[Round "1"]
[White "reghini"]
[Black "Givanildo"]
[Result "0-1"]
[WhiteElo "1642"]
[BlackElo "1684"]

1. e4 d5 2. exd5 Qxd5 3. Nc3 Qe6+ 4. Be2 Bd7 5. Nf3 h6 6. d3 Nc6 7. O-O O-O-O 8.
Be3 Ne5 9. Bxa7 Nxf3+ 10. Bxf3 Bc6 11. Bg4 f5 12. Re1 Qg6 13. Bh3 e6 14. Qe2 Bd6
15. Qxe6+ Qxe6 16. Rxe6 Ne7 17. Rae1 Rhe8 18. Bd4 g6 19. Bf6 Rd7 0-1

[Event "AUTO-OPEN-3563"]
[Site "http://www.queenalice.com/game.php?id=1391659"]
[Date "2015.10.31"]
[Round "1"]
[White "yasseryack"]
[Black "reghini"]
[Result "1-0"]
[WhiteElo "1900"]
[BlackElo "1830"]

1. f4 e5 2. f5 d5 3. Nf3 Nc6 4. d4 exd4 5. g4 Nf6 6. Nxd4 Bd7 7. Bg2 Nxg4 8. O-O
Qh4 9. Bf4 Bd6 10. Nf3 Bc5+ 11. e3 Bxe3+ 12. Bxe3 Qh5 13. Bf4 O-O 14. h3 Qxf5
15. Bxc7 Ne3 16. Ne5 Qg5 17. Qd2 Bxh3 18. Rf2 1-0

[Event "AUTO-OPEN-3563"]
[Site "http://www.queenalice.com/game.php?id=1391660"]
[Date "2015.10.31"]
[Round "1"]
[White "reghini"]
[Black "yasseryack"]
[Result "0-1"]
[WhiteElo "1772"]
[BlackElo "1931"]

1. e4 c5 2. Nf3 e6 3. Nc3 Nc6 4. Bb5 Qc7 5. d3 Nf6 6. Be3 a6 7. Bxc6 Qxc6 8. O-O
b5 9. Ne5 Qc7 10. Ng4 Nxg4 11. Qxg4 Bb7 12. f4 O-O-O 13. b3 h5 14. Qh4 b4 15.
Ne2 d5 16. e5 Be7 17. Qe1 Rh6 18. f5 Rh7 0-1

[Event "AUTO-OPEN-3563"]
[Site "http://www.queenalice.com/game.php?id=1391677"]
[Date "2015.10.31"]
[Round "1"]
[White "TheOperator"]
[Black "reghini"]
[Result "1-0"]
[WhiteElo "1718"]
[BlackElo "1735"]

1. e4 e5 2. Nc3 Nf6 3. d3 Bb4 4. Bd2 Nc6 5. Nf3 d6 6. h3 Be6 7. g3 d5 8. exd5
Bxd5 9. Qe2 Bxf3 10. Qxf3 Nd4 11. Qxb7 c6 12. O-O-O c5 13. Bg2 1-0

[Event "AUTO-OPEN-3563"]
[Site "http://www.queenalice.com/game.php?id=1391678"]
[Date "2015.10.31"]
[Round "1"]
[White "reghini"]
[Black "TheOperator"]
[Result "0-1"]
[WhiteElo "1718"]
[BlackElo "1735"]

1. e4 e5 2. Nf3 Nc6 3. Bb5 Be7 4. Nc3 Nf6 5. d4 a6 6. Bxc6 bxc6 7. Bg5 O-O 8.
O-O d6 9. Qe2 a5 10. dxe5 Ba6 11. Qd2 Ng4 12. Bxe7 Qxe7 13. exd6 cxd6 0-1